Т. 326, № 7; Известия Томского политехнического университета [Известия ТПУ]. Инжиниринг георесурсов

Bibliographische Detailangaben
Parent link:Известия Томского политехнического университета [Известия ТПУ]. Инжиниринг георесурсов/ Национальный исследовательский Томский политехнический университет (ТПУ). Т. 326, № 7.— , 2015-.— 2413-1830
Sprache:Russisch
Veröffentlicht: 2015
Schlagworte:
Online-Zugang:http://earchive.tpu.ru/handle/11683/43930
Format: Elektronisch Buch
KOHA link:https://koha.lib.tpu.ru/cgi-bin/koha/opac-detail.pl?biblionumber=301327

MARC

LEADER 00000nlm2a2200000 4500
001 301327
005 20231102001406.0
035 |a (RuTPU)RU\TPU\book\326499 
090 |a 301327 
100 |a 20150729d2015 k y0rusy50 ca 
101 0 |a rus 
102 |a RU 
135 |a drcn ---uucaa 
181 0 |a i  
182 0 |a b 
200 0 |a Т. 326, № 7 
203 |a Текст  |c электронный 
210 |d 2015 
215 |a [136 с.]  |c [ил.] 
320 |a Библиогр. в конце статей 
452 1 |0 (RuTPU)RU\TPU\book\352835  |x 1684-8519  |t Т. 326, № 7  |d 2015  |p 138 с. 
461 1 |0 (RuTPU)RU\TPU\book\312844  |x 2413-1830  |t Известия Томского политехнического университета [Известия ТПУ]. Инжиниринг георесурсов  |f Национальный исследовательский Томский политехнический университет (ТПУ)  |v Т. 326, № 7  |d 2015-  
601 0 2 |a Национальный исследовательский Томский политехнический университет (ТПУ)  |c (2009- )  |2 stltpush  |3 (RuTPU)RU\TPU\col\15902 
606 1 |a Научно-технический потенциал  |2 stltpush  |3 (RuTPU)RU\TPU\subj\45166  |9 64427 
610 1 |a научные исследования 
610 1 |a труды учёных ТПУ 
610 1 |a георесурсы 
610 1 |a инжиниринг 
610 1 |a руды 
610 1 |a добыча 
610 1 |a комбинированные технологии 
610 1 |a экономическая эффективность 
610 1 |a ветроэнергетические установки 
610 1 |a инверторы тока 
610 1 |a торфяные залежи 
610 1 |a Томская область 
610 1 |a марганец 
610 1 |a геомониторинг 
610 1 |a базы данных 
610 1 |a текстовой поиск 
610 1 |a ранжирование 
610 1 |a регрессионный анализ 
610 1 |a нейронные сети 
610 1 |a Амурская область 
610 1 |a золоторудные месторождения 
610 1 |a поверхностные воды 
610 1 |a углеводороды 
610 1 |a разведочная геофизика 
610 1 |a оценка 
610 1 |a сталь 
610 1 |a плазменная порошковая наплавка 
610 1 |a высокопарафинистые нефти 
610 1 |a азотистые основания 
610 1 |a сернистые соединения 
610 1 |a Вьетнам 
610 1 |a междуречье 
610 1 |a гидроэкологическое состояние 
610 1 |a уголь 
610 1 |a рациональное использование 
610 1 |a бензол 
610 1 |a алкилирование 
675 |a 62  |v 3 
801 1 |a RU  |b 63413507  |c 20091023 
801 2 |a RU  |b 63413507  |c 20200429  |g RCR 
856 4 0 |u http://earchive.tpu.ru/handle/11683/43930 
942 |c CF